|
|
|
|
| LEADER |
00000cam a2200000 a 4500 |
| 001 |
vtls010290562 |
| 003 |
SK-MaSNL |
| 005 |
20260311122013.0 |
| 008 |
250312s1951 xr 000 0 cze |
| 035 |
|
|
|a urn:nbn:sk:snk-am00endi
|
| 035 |
|
|
|a urn:nbn:sk:snk-am3ikmq
|
| 035 |
|
|
|a D3A71595-3408-4362-BA88-D22EFAC36ACF
|
| 040 |
|
|
|a SNK
|b slo
|c SNK
|e AACR2
|
| 041 |
0 |
|
|a cze
|
| 044 |
|
|
|a xr
|c CZ
|
| 080 |
|
|
|a 327.57
|2 2001
|
| 245 |
0 |
0 |
|a Národní fronta Čechů a Slováků v boji za mír a socialismus
|b zpráva ze zasedání Ústředního výboru Národní fronty a Československý výbor obránců míru v Bratislavĕ dne 23. kvĕtna 1951
|
| 260 |
|
|
|a Praha
|b Ústřední akční výbor Národní fronty
|c 1951
|
| 300 |
|
|
|a 83 s.
|b ilustr.
|c 22 cm
|
| 650 |
0 |
7 |
|a mier
|2 SNKPH
|9 1720
|
| 650 |
0 |
7 |
|a boj mier
|2 SNKPH
|9 328150
|
| 651 |
|
7 |
|a Československo
|2 SNKPHeng
|9 21376
|
| 655 |
|
7 |
|a prejavy
|2 SNKPH
|9 70401
|
| 852 |
|
|
|a Slovenská národná knižnica
|
| 958 |
|
|
|a OND
|
| 999 |
|
|
|c 577475
|d 579405
|
| 952 |
|
|
|a SNK
|b SNK
|y VYP
|7 0
|p 17A0708384
|o snkSD 7394 D1
|i snkF 4213/63
|8 5
|0 0
|1 0
|4 0
|d 2011-07-06
|l 0
|r 2026-02-23 14:38:21
|w 2026-02-23
|
| 952 |
|
|
|a SNK
|b SNK
|y VYP
|7 0
|p 17A0708383
|o snkSD 7394 D2
|i snkF 4578/64
|8 5
|0 0
|1 0
|4 0
|d 2011-07-06
|l 0
|r 2026-02-23 14:38:21
|w 2026-02-23
|
| 952 |
|
|
|a SNK
|b SNK
|y PREZ
|7 0
|p 17A0907746
|o snkSD 7394
|i snk2824/51
|0 0
|1 0
|4 0
|d 2020-08-26
|f 1
|l 0
|r 2025-11-18 00:00:00
|w 2026-02-23
|